Congressmen's primer for socialism (a compilation) (Record no. 376165)

000 -LEADER
fixed length control field 00367cam a22001217a 4500
008 - FIXED-LENGTH DATA ELEMENTS--GENERAL INFORMATION
fixed length control field 180718b1965 xxu||||| |||| 00| 0 eng d
082 ## - DEWEY DECIMAL CLASSIFICATION NUMBER
Classification number B234 N215
100 ## - MAIN ENTRY--PERSONAL NAME
Personal name Nehru, Jawaharlal
245 ## - TITLE STATEMENT
Title Congressmen's primer for socialism (a compilation)
Statement of responsibility, etc. by Jawaharlal Nehru
260 ## - PUBLICATION, DISTRIBUTION, ETC.
Place of publication, distribution, etc. New Delhi
Name of publisher, distributor, etc. All India Congress Committee
Date of publication, distribution, etc. 1965
300 ## - PHYSICAL DESCRIPTION
Extent 199p.
650 ## - SUBJECT ADDED ENTRY--TOPICAL TERM
Topical term or geographic name entry element Socialism
Holdings
Withdrawn status Lost status Damaged status Not for loan Permanent Location Current Location Date acquired Full call number Barcode Date last seen Price effective from Koha item type
        Indian Institute of Public Administration Indian Institute of Public Administration 2009-07-14 B234 N215 50840 2018-07-21 2018-07-21 Book
        Indian Institute of Public Administration Indian Institute of Public Administration 1994-09-13 B234 N215 37461 2018-07-21 2018-07-21 Book

Powered by Koha